01597nab a22002297a 4500003000400000005001700004008004100021040000700062100002100069245016800090260007300258300001500331500003600346505039800382505023000780505008101010650001801091650005201109650002501161650003201186773014901218OSt20260219103207.0190429b xxu||||| |||| 00| 0 spa d cPJ aFerraresi, Laura10aPrisión domiciliaria e interés superior del niño : b¿es posible un análisis razonable y equilibrado para su concesión o su rechazo? /cLaura Ferraresi. cCiudad Autónoma de Buenos Aires :aThomson Reuters La Ley, b2024. ap. 231-240 aCita: TR LALEY AR/DOC/1410/2024 aSumario: I. Introducción.— II. Brevísimas referencias sobre el caso. Decisión de la mayoría. El voto disidente.— III. Las normas en juego: art. 10 del Cód. Penal y art. 32 de la ley 24.660. Alcances.— IV. Significado simbólico de la condena impuesta. Su análisis como nueva variable para la concesión o el rechazo de la prisión domiciliaria.— V. Algunas conclusiones. aFallo comentado: CContenciosoadministrativo, Trib. y Relaciones de Consumo, Ciudad Autónoma de Buenos Aires, sala I ~ 28/04/2023 ~ Observatorio de Derecho Informático Argentino O.D.I.A. y otros c. GCBA s/ Amparo - Otros. tSi te interesa el texto completo, solicitalo a koha@justierradelfuego.gov.ar 0aDERECHO PENAL 0aDERECHOS DE LAS NIÑAS, NIÑOS Y ADOLESCENTES 0aPRISION DOMICILIARIA 0aINTERES SUPERIOR DEL NIÑO0 02658tRevista de derecho penal y criminología. Nº 7 - Julio 2024dCiudad Autónoma de Buenos Aires : Thomson Reuters La Ley, 2017-x00347914